000 00378nam a2200145Ia 4500
008 150201s2009 xx 000 0 und d
082 _a616.0757
_bA2009K
100 _aPURKAIT, SWAPAN KUMAR
245 2 _aA SHORT TEXT BOOK OF ORAL RADIOLOGY
250 _a1ST
260 _bJAYPEE MEDICAL PUBLISHER
_aDELHI
_c2009
300 _a1-192
650 _aRADIOLOGY
942 _2ddc
_cBK
_05
999 _c4666
_d4666